00000000nam##2200000za#4500
0019.691892
003CaOODSP
00520210624232953
007cr |||||||||||
008150407|1997||||xxc|||||o    f|0| 0 eng|d
040 |aCaOODSP|beng
043 |an-cn---
0861 |aRC31-74/1997E-PDF
1101 |aCanada.|bIndian Claims Commission.
24510|aInquiry into the 1909 reserve land surrender claim of the Moosomin First Nation |h[electronic resource]
260 |aOttawa - Ontario : |bIndian Claims Commission |cMarch 1997.
300 |a119p.|bcoloured map, references
590 |a09-07-Supp|b2009-08-17
69007|aLand claims|2gcpds
69007|aIndigenous affairs|2gcpds
69007|aIndigenous lands|2gcpds
7201 |aCorcoran, Carole T.
7201 |aPrentice, P. E. James
7201 |aGill, Aurélien
77508|tEnquête relative à la revendication de la Première Nation de Moosomin concernant les terres cédées en 1909 |w(CaOODSP)9.636193
85640|ahttp://publications.gc.ca|qPDF|s1062 KB|uhttps://publications.gc.ca/collections/collection_2009/indianclaims/RC31-74-1997E.pdf